000
00307nam a22001337a 4500
008
171027b xxu||||| |||| 00| 0 eng d
020
_a
0133069103
041
_a
eng
080
_2
8 ED
_a
55
100
_a
55
101
_a
MEN
245
_a
FINANACIAL MANAGEMENT AND POLICY
_c
HORNE.J.C
942
_2
udc
_c
BK
999
_c
35982
_d
35982